SHOUKSMITH, G. (Record no. 3866)

MARC details
005 - DATE AND TIME OF LATEST TRANSACTION
control field 20250612130842.0
020 ## - INTERNATIONAL STANDARD BOOK NUMBER
International Standard Book Number 0-08-021152-6
082 ## - DEWEY DECIMAL CLASSIFICATION NUMBER
Classification number LECT 658.311 SHO
245 ## - TITLE STATEMENT
Title SHOUKSMITH, G.
250 ## - EDITION STATEMENT
Edition statement 2nd Ed.
260 ## - PUBLICATION, DISTRIBUTION, ETC.
Place of publication, distribution, etc. Oxford,
Name of publisher, distributor, etc. Pergamon Press,
Date of publication, distribution, etc. 1978.
300 ## - PHYSICAL DESCRIPTION
Extent viii, 149.: ill.; figure, table.
Other physical details Bibliography & index.
Dimensions 21cm.
942 ## - ADDED ENTRY ELEMENTS (KOHA)
Source of classification or shelving scheme Dewey Decimal Classification
Koha item type Books
Holdings
Date last seen Total checkouts Full call number Barcode Cost, replacement price Price effective from Koha item type Lost status Source of classification or shelving scheme Damaged status Not for loan Withdrawn status Home library Current library Shelving location Date acquired Cost, normal purchase price
06/12/2025   LECT 658.311 SHO 00000012773 30000.00 06/12/2025 Books   Dewey Decimal Classification       College of Business Education Main Library College of Business Education Main Library General Collection 02/14/1979 10000.00